000 00340nam a22001337a 4500
003 LRUA
005 20230712220856.0
008 230712b xxu||||| |||| 00| 0 eng d
040 _cRUA
082 _2AGR CAM 1955 C227 Or.
245 _aPHOTOS SOUYENIRS DU CAMBODGE SANGKUW REASTR NIYUM
260 _aPhnom Penh
_bRUA
_c2001
942 _2ddc
_cEK
999 _c21565
_d21565